<?xml version="1.0" encoding="UTF-8"?>
<collection xmlns="http://www.loc.gov/MARC21/slim">
 <record>
  <leader>00789pamaa2200193   4500</leader>
  <controlfield tag="001">0000047172</controlfield>
  <controlfield tag="005">20130626090000.0</controlfield>
  <controlfield tag="008">100608                             eng  </controlfield>
  <datafield tag="020" ind1="0" ind2="0">
   <subfield code="a">9781422120644 </subfield>
  </datafield>
  <datafield tag="090" ind1="0" ind2="0">
   <subfield code="a">HF5381 </subfield>
   <subfield code="b">ERI 2010</subfield>
  </datafield>
  <datafield tag="100" ind1="1" ind2="0">
   <subfield code="a">Erickson </subfield>
  </datafield>
  <datafield tag="245" ind1="1" ind2="0">
   <subfield code="a">What's next, Gen X? : </subfield>
   <subfield code="b">keeping up, moving ahead, and getting the career you want  </subfield>
   <subfield code="c">Tamara Erickson.</subfield>
  </datafield>
  <datafield tag="260" ind1="0" ind2="0">
   <subfield code="a">Boston, Mass.: </subfield>
   <subfield code="b">Harvard Business Press, </subfield>
   <subfield code="c">2010.</subfield>
  </datafield>
  <datafield tag="300" ind1=" " ind2=" ">
   <subfield code="a">xv, 237p.; </subfield>
   <subfield code="c">24 cm.</subfield>
  </datafield>
  <datafield tag="501" ind1="0" ind2="0">
   <subfield code="a">Library</subfield>
  </datafield>
  <datafield tag="505" ind1="0" ind2="0">
   <subfield code="a">Shaping Generation X -- Taking stock -- What are they thinking -- What do you want -- A hard look at the options ahead -- Trading up -- Branching out -- The next-generation leader</subfield>
  </datafield>
  <datafield tag="650" ind1="0" ind2="0">
   <subfield code="a">Career development </subfield>
  </datafield>
  <datafield tag="650" ind1="0" ind2="0">
   <subfield code="a">Generation X -- </subfield>
   <subfield code="x">Employment </subfield>
  </datafield>
  <datafield tag="901" ind1=" " ind2=" ">
   <subfield code="u">www.harvardbusiness.org/press</subfield>
  </datafield>
 </record>
</collection>
